zpět

Detail výsledku týmu

Pivnice U Badinů, Brno

Datum a čas kvízu

36.5 Celkem bodů Celkový počet nahraných bodů na tomto kvízu bez doplňovacích otázek.
3. Pořadí na kvízu Konečné umístění týmu na tomto kvízu.

Zaznamenané odpovědi

# Otázka Odpověď Body Výsledky
1. Jeden z nejznámějších českých... 1
2. Americký astronaut Andrew Feus... 0
3. České herní studio Warhorse pr... 1
4. Která společnost hodlá v nejbl... 0
5. V utkání druhé německé fotbalo... 1
6. Jistě se mezi Vámi najde mnoho... 1
7. Čemu nebo komu se ve vodáckém... 0
8. Silný provaz, který se dá využ... 0
9. Kterým slovem na Š nazývají ka... 0
10. Kanoistům se mezi vrcholovými... 1